00321nam a2200121Ia 4500008004100000100001700041245003500058260003200093300000900125650004300134942000700177999001500184190216s9999||||xx |||||||||||||| ||und|| aRaja Raman V 0aComputer Programming In Pascal bPentice Hall Of Indiac1984 a219p a"Computer Programming. Programs, Data" cBK c8342d8342